| 000 | 00750nam a2200217 a 4500 | ||
|---|---|---|---|
| 001 | 000292252 | ||
| 003 | AM-YeHGA | ||
| 005 | 20250618071910.0 | ||
| 008 | 031210s1895 gs 000 | arm d | ||
| 040 | _aAM-YeHGA | ||
| 041 | 0 | _aarm | |
| 100 | 1 |
_aՊարոնյան, Հակոբ Հովհաննեսի, _d1843-1891 _91587 |
|
| 245 | 1 | 0 |
_aՄեծապատիւ մուրացկանները / _cՅ.Յ. Պարոնեան. |
| 250 | _a3-րդ տպագր. | ||
| 260 |
_aԹիֆլիս : _bտպ. Վրաց. հրատ. ընկ., _c1895. |
||
| 300 |
_a163 էջ ; _c18 սմ. |
||
| 650 | 1 | 4 |
_aՀայ գրականություն _xՎիպակ |
| 710 | 2 | _aԹիֆլիսի հայոց հրատարակչական ընկերություն | |
| 942 |
_2udc _cBK |
||
| 090 | _c108299 | ||
| 999 |
_c106972 _d106972 |
||